000 00708nam a2200229Ia 4500
001 8988
003 GE_BSU
008 181216s||||||||xx |||||||||||||| ||und||
040 _cGE_BSU
080 _a82-93
100 _aკვიტაიშვილი,ემზარ
245 _aქეთინო და თოჯინა
245 _bლექსები
245 _cრედ.ქ.ჩუკაშვილი,მხატვ. ი.ქლიბაძე
260 _aთბილისი
260 _bნაკადული
260 _c1970
300 _a22გვ.21სმ.
653 _aლექსები
653 _aქეთინო და თოჯინა
942 _cBK
999 _c42293
_d42293